Các câu chuyện từ mặt trận phát triển kinh tế : Kinh nghiệm Trung Quốc và một số nước về tạo việc làm và phát triển thịnh vượng nhờ vào công nghệ nhẹ

Đã lưu trong:
Bibliografiske detaljer
Format: Sách
Sprog:Undetermined
Udgivet:  Ngân hàng thế giới  2014
Fag:
Tags: Tilføj Tag
Ingen Tags, Vær først til at tagge denne postø!
Thư viện lưu trữ: Trung tâm Thư viện - Trường Đại học Công nghiệp TP. Hồ Chí Minh
LEADER 00752nam a2200133Ia 4500
001 UIH_05950
008 231011s9999 xx 000 0 und d
082 |a  338.951 
245 0 |a  Các câu chuyện từ mặt trận phát triển kinh tế : Kinh nghiệm Trung Quốc và một số nước về tạo việc làm và phát triển thịnh vượng nhờ vào công nghệ nhẹ 
260 |b  Ngân hàng thế giới 
260 |c  2014 
650 |a  Công nghiệp sản xuất; Công nghiệp sản xuất; Phát triển kinh tế; Công nghiệp sản xuất;  
927 |a Sách 
980 |a Trung tâm Thư viện - Trường Đại học Công nghiệp TP. Hồ Chí Minh